Flags of countries in the 2024 European Championship - Statistics

General Stats
  • This quiz has been taken 47 times
  • The average score is 23 of 24
Answer Stats
Picture Answer % Correct
Germany
100%
Belgium
98%
France
98%
Hungary
98%
Portugal
98%
Spain
98%
Turkey
98%
Albania
96%
Croatia
96%
England
96%
Switzerland
96%
Ukraine
96%
Georgia
93%
Italy
93%
Romania
93%
Scotland
93%
Serbia
93%
Austria
91%
Czech republic
91%
Denmark
91%
Netherlands
91%
Poland
91%
Slovakia
91%
Slovenia
89%
No matching quizzes found
Score Distribution
Percent of People with Each Score
Percentile by Number Answered
Your Score History
You have not taken this quiz